000 00631nam a2200241Ia 4500
005 20260430150357.0
008 008 250103s9999 xx 000 0 eng d
037 _aTheses
040 _aCRL
040 _beng
040 _ceng
041 _2eng
041 _aeng
084 _qCRL
100 _aAli Danish Au.; Pandey Ranjita Gu.
_91237308
245 0 _aBayesian Inference for Lifetime Models: Some Contributions
260 _c2023
300 _a204p.
650 _aStatistics
700 _aUniversity of Delhi. Faculty of Mathematical Sciences. Deptt. of Statistics
942 _cTH
999 _c1849637
_d1849637